LRR Demon List - Geometry Dash - Statistics

General Stats
  • This quiz has been taken 42 times
    32 since last reset
  • The average score is 46 of 236
Answer Stats
TOP Level % Correct
16 Bloodbath
89%
1 Sonic Wave
74%
175 Cataclysm
63%
12 Artificial Ascent
58%
9 Digital Descent
58%
5 Erebus
58%
39 ErebuS
58%
2 Sigma
53%
8 xo
53%
223 Acu
47%
83 aftermath
47%
95 The Hell Zone
47%
42 Black Blizzard
42%
195 Frozen
42%
38 Phobos
42%
97 The Hell Factory
42%
60 The Hell Origin
42%
72 A Bizarre Phantasm
37%
31 Blade of Justice
37%
96 Conical Depression
37%
3 Frozen Cave
37%
194 ICE Carbon Diablo X
37%
75 moment
37%
110 Plasma Pulse III
37%
11 Sunset Sandstorm
37%
55 The Hell Bird
37%
117 The Hell Dignity
37%
59 The Hell World
37%
181 8o X
32%
204 AcropoliX
32%
77 Artifice
32%
185 Artificial Dream
32%
69 Betrayal of Fate
32%
232 Crimson Clutter
32%
221 Duelo Maestro
32%
226 Hypersonic
32%
6 kowareta
32%
176 NecropoliX
32%
120 Panasonic
32%
7 Plasma Pulse Finale
32%
54 Red World Rebirth
32%
19 Subsonic
32%
50 super probably level
32%
35 The Hell Field
32%
172 Uprise
32%
179 Allegiance
26%
13 Athanatos
26%
111 Aurora
26%
10 Cybernetic Crescent
26%
64 EnvY
26%
201 Falling Up
26%
151 Glide
26%
44 Infernal Abyss
26%
40 Killbot
26%
211 Matilda the Machine
26%
63 Mystic
26%
135 Niflheim
26%
14 Quantum Processing
26%
174 UltraSans
26%
88 Under Lavaland
26%
37 Annihilation Nation
21%
4 Aronia
21%
34 Audio Expulsion
21%
119 Audio Extraction
21%
87 Azure Fiesta
21%
41 Boogie
21%
106 Breakout
21%
15 Carnage Mode
21%
167 Cromulent
21%
190 CYCLONE
21%
85 Deflective
21%
125 Digital Disarray
21%
52 Disentombed
21%
114 ElectroLux
21%
36 Explicit
21%
78 Fusion Z
21%
101 Glacial Torrent
21%
153 GridLocked
21%
203 Hate War
21%
45 Hatred
21%
126 Heartbeat
21%
103 Idols
21%
108 Inflective
21%
57 INNARDS
21%
131 Instant Execution
21%
90 Just DANCE
21%
145 Lights Out
21%
28 Omicron
21%
159 Pumped Up Kicks
21%
141 Reflective
21%
91 Sigma Interface
21%
51 Silentium Gradas
21%
165 TANTRUM
21%
210 Thanatophobia
21%
33 The Hell Inferno
21%
164 The Lost Existence
21%
196 The Ultimate Phase
21%
168 Unearthed
21%
154 Violently X
21%
70 Void Wave
21%
105 WaveBreaker
21%
230 AAAAAAAAAAAAAAAAAAAA
16%
139 Aether
16%
182 Alcatraz
16%
30 Asmodeus
16%
43 Black Flag
16%
134 Broken Signal
16%
74 Cadrega Mode
16%
29 Carcano
16%
92 Caution
16%
17 Celestial Force
16%
231 Cosmic Calamity
16%
178 Deception Dive
16%
26 Dolos
16%
166 Doop
16%
66 Ecstasy
16%
104 Elite Z Rebirth
16%
156 Elliptic Curve
16%
58 Epsilon
16%
152 Evangelion
16%
118 Extinction
16%
124 Fexty
16%
161 Fingerdash v3
16%
177 FinKor
16%
229 Gammaray
16%
140 Goldcrest Palace
16%
170 Grill Kill
16%
149 Heat Wave
16%
180 HURRICANE
16%
217 Incipient
16%
133 Insaction
16%
61 Madmansion
16%
157 Malware II
16%
169 Mandragora
16%
137 Marathon
16%
136 Maybe Possibly Thing
16%
216 Misty Mountains
16%
122 Omorfia
16%
146 Our Fountain
16%
183 Penombre
16%
129 Penultimate Phase
16%
235 Photovoltaic
16%
213 Polish Alphabet
16%
80 Prismatic Haze
16%
173 Raindance
16%
76 RASH
16%
191 Retention
16%
147 Shape of the Sun
16%
212 Sky Tech
16%
49 SPEEDRUN
16%
207 SUBVERSIVE
16%
107 The Flawless
16%
225 Thunder Alphabet
16%
132 Triple Six
16%
130 Twisted Tranquility
16%
62 Untitled
16%
86 Volume
16%
155 Zenith
16%
218 Zettabyte
16%
25 Ziroikabi
16%
187 A2marbl
11%
71 Arctic Arena
11%
100 Armageddon
11%
84 ATMarbl
11%
93 Atmosphere
11%
192 Awakening Horus
11%
53 Belloq
11%
189 CholeriX
11%
113 Concaved Memories
11%
197 Crowd Control
11%
24 distraught
11%
143 Explosion
11%
82 Fabricated Thoughts
11%
20 Factory Realm X
11%
48 Falcon16
11%
236 Final Epilogue
11%
18 Freedom08
11%
23 Furious Flames
11%
47 GewErbiX
11%
22 Hateful Reflection
11%
150 INFLAMMABLE INFUSION
11%
112 Karma
11%
73 Lonely Lights
11%
186 Mirage
11%
121 Myocardia
11%
205 Napalm
11%
219 Night Party
11%
123 Novalis
11%
109 OOPZ
11%
193 PLUS ULTRA
11%
200 Precipitance
11%
142 Reverence
11%
128 SHATTER
11%
21 SINGULARITY
11%
115 Skrrah
11%
171 Sysmique Locked
11%
160 Tech Manifestation
11%
79 Tempest Tornado
11%
206 Virtual Collapse
11%
65 Ziroikapi
11%
67 Artificial Idelogy
5%
116 Brimtanic Paradise
5%
184 Cosmorush 21
5%
138 Daydream
5%
214 Diligence
5%
127 doradura
5%
228 Electrosonic
5%
94 Endless Dream
5%
163 Esencia
5%
234 Excessive Compliment
5%
227 Faith
5%
162 Fightful Melody
5%
102 Freedom19
5%
188 Frizzantino Vibes
5%
215 Golden Shade
5%
220 Grimoire Heart
5%
222 Master Duel
5%
198 Night Life
5%
199 Panzer
5%
233 Quest for Perfection
5%
99 Removed Submission
5%
208 Reverie
5%
209 Spectral Decadence
5%
98 Torsion
5%
27 Tunnel
5%
81 Want Me
5%
56 Worse Trip
5%
148 Galactus
0%
68 Kinetic Bypass
0%
158 Libertas
0%
202 MELTDOWN
0%
46 Night Rider
0%
32 Shock Therapy
0%
89 Springtime
0%
144 The Antimatter
0%
224 Underground
0%
No matching quizzes found
Score Distribution
Percent of People with Each Score
Percentile by Number Answered
Your Score History
You have not taken this quiz since the last reset